Is it right to run with the pack? (Record no. 72929)

MARC details
000 -LEADER
fixed length control field 01150cam a2200205 4500
001 - CONTROL NUMBER
control field ABS66818
008 - FIXED-LENGTH DATA ELEMENTS--GENERAL INFORMATION
fixed length control field 030625n2003 000 0 eng u
035 ## - SYSTEM CONTROL NUMBER
System control number (Sirsi) u122749
100 ## - MAIN ENTRY--PERSONAL NAME
Personal name Salmon, N.
245 ## - TITLE STATEMENT
Title Is it right to run with the pack?
260 ## - PUBLICATION, DISTRIBUTION, ETC.
Date of publication, distribution, etc. 2003
490 ## - SERIES STATEMENT
Series statement Estates Gazette
Volume/sequential designation (0320) 17 May 2003, 139(1)
520 ## - SUMMARY, ETC.
Summary, etc. Proposes a process modification, which would remove the core objections to the home information pack (HIP) as is being introduced by the government. Argues that the seller should be required to produce a HIP only when a serious prospective buyer actually appears rather than have it in place at the beginning of the property marketing campaign. The prospective buyer should put down a small deposit to show good faith when the seller commissions the pack most probably through the estate agent. This modification would benefit all parties and help the government to fulfil its manifesto pledge.
590 ## - LOCAL NOTE (RLIN)
Local note ABS
650 ## - SUBJECT ADDED ENTRY--TOPICAL TERM
Topical term or geographic name entry element PROPERTY MARKETING
650 ## - SUBJECT ADDED ENTRY--TOPICAL TERM
Topical term or geographic name entry element HOME INFORMATION PACKS
650 ## - SUBJECT ADDED ENTRY--TOPICAL TERM
Topical term or geographic name entry element HOUSING BILL 2003
690 ## - LOCAL SUBJECT ADDED ENTRY--TOPICAL TERM (OCLC, RLIN)
Topical term or geographic name as entry element PROPERTY-RESIDENTIAL PROPERTY-RESIDENTIAL PROPERTY MARKET
942 ## - ADDED ENTRY ELEMENTS (KOHA)
Suppress in OPAC 0
Holdings
Withdrawn status Lost status Source of classification or shelving scheme Damaged status Not for loan Home library Current library Shelving location Date acquired Total Checkouts Full call number Barcode Date last seen Copy number Price effective from Koha item type
    Dewey Decimal Classification     London London Journal article 25/06/2003   ABS66818 122749-1001 06/08/2019 1 06/08/2019 Journal article